Les départements traversés par le Tour de France homme 2025 - Statistiques

Statistiques générales
  • Ce quiz a été pris 29 fois
  • Le résultat moyen est 24 sur 34
Réponses sur la Carte
Les réponses sont colorées sur une échelle allant du rouge au vert en fonction du pourcentage des utilisateurs qui les ont devinées à leur premier essai. Vous pouvez retrouver ces pourcentages ci-dessous.
 
Statistiques - réponses
Départements % Correct
59 Nord
92%
62 Pas-de-Calais
88%
64 Pyrénées-Atlantiques
84%
22 Côtes-d'Armor
80%
27 Eure
80%
75 Paris
80%
80 Somme
80%
11 Aude
76%
31 Haute-Garonne
76%
65 Hautes-Pyrénées
76%
34 Hérault
76%
35 Ille-et-Vilaine
76%
38 Isère
76%
76 Seine-Maritime
76%
78 Yvelines
76%
32 Gers
72%
50 Manche
72%
53 Mayenne
72%
73 Savoie
72%
81 Tarn
72%
1 Ain
68%
14 Calvados
68%
26 Drôme
68%
36 Indre
68%
60 Oise
68%
84 Vaucluse
68%
30 Gard
64%
39 Jura
64%
61 Orne
64%
25 Doubs
60%
92 Hauts-de-Seine
60%
37 Indre-et-Loire
60%
63 Puy-de-Dôme
60%
86 Vienne
48%
Aucun quiz correspondant
Distribution des résultats
% des personnes avec chaque résultat
Percentile par nombre de réponses
Votre historique - résultats
Vous n’avez pas pris ce quiz